Journey through Canada

Bibliographic Details
Main Author: Tames,Richard
Format: Book
Published: London : Troll associates , 2001
Subjects:

MARC

LEADER 00000cam a2200000 7i4500
001 0000080602
005 20180827.0
008 180827
020 |a 9780816721115 
090 0 0 |a GEO   |b ENG 
100 1 |a Tames,Richard 
245 1 0 |a Journey through Canada   |c Richard Tames 
260 |a London :   |b Troll associates ,   |c 2001 
500 |a Children ages 10-12 years old (pink) 
650 0 |a Asia   |x Juvenile literature 
650 0 |a Canada   |x Juvenile literature 
999 |a 0000011888   |b Book   |c Children Collection   |e Cawangan Taman Universiti 
999 |a 0000011889   |b Book   |c Children Collection   |e Cawangan Taman Universiti